Managing the Construction Process : (Record no. 16499)

MARC details
000 -LEADER
fixed length control field 01000cam a2200253 a 4500
001 - CONTROL NUMBER
control field 16302100
005 - DATE AND TIME OF LATEST TRANSACTION
control field 20110413074712.0
008 - FIXED-LENGTH DATA ELEMENTS--GENERAL INFORMATION
fixed length control field 100625s2012 maua b 001 0 eng
020 ## - INTERNATIONAL STANDARD BOOK NUMBER
International Standard Book Number 0138135967 (alk. paper)
020 ## - INTERNATIONAL STANDARD BOOK NUMBER
International Standard Book Number 9780138135966 (alk. paper)
040 ## - CATALOGING SOURCE
Original cataloging agency DLC
Transcribing agency DLC
Modifying agency DLC
082 00 - DEWEY DECIMAL CLASSIFICATION NUMBER
Classification number 690
Edition number 22
Item number GOU
100 1# - MAIN ENTRY--PERSONAL NAME
Personal name Gould, Frederick E.,
Dates associated with a name 1954-
9 (RLIN) 29047
245 10 - TITLE STATEMENT
Title Managing the Construction Process :
Remainder of title Estimating, Scheduling, and Project Control /
Statement of responsibility, etc Frederick E. Gould.
250 ## - EDITION STATEMENT
Edition statement 4th ed.
260 ## - PUBLICATION, DISTRIBUTION, ETC. (IMPRINT)
Place of publication, distribution, etc Boston :
Name of publisher, distributor, etc Prentice Hall,
Date of publication, distribution, etc c2012.
300 ## - PHYSICAL DESCRIPTION
Extent xiv, 290 p. :
Other physical details ill. (some col.) ;
Dimensions 29 cm.
504 ## - BIBLIOGRAPHY, ETC. NOTE
Bibliography, etc Includes bibliographical references and index.
650 #0 - SUBJECT ADDED ENTRY--TOPICAL TERM
Topical term or geographic name as entry element Building
General subdivision Superintendence.
9 (RLIN) 29048
653 ## - INDEX TERM--UNCONTROLLED
Resource For college
Arrived date list February2012
942 ## - ADDED ENTRY ELEMENTS (KOHA)
Source of classification or shelving scheme Dewey Decimal Classification
Item type Book - Borrowing
Holdings
Withdrawn status Item status Source of classification or shelving scheme Damaged status Not for loan Vendor Home library Current library Shelving location Date acquired Source of acquisition Cost, normal purchase price Serial Enumeration / chronology Total Checkouts Total Renewals Full call number Barcode Date last seen Date last borrowed Koha item type
    Dewey Decimal Classification     Alahram Central Library Central Library First floor 20/02/2012   199.00 682 6 59 690 GOU 000026159 15/07/2025 27/11/2018 Book - Borrowing